000 00592nam a2200229Ia 4500
001 12102
003 GE_BSU
008 181216s||||||||xx |||||||||||||| ||und||
020 _a9780521790079
040 _cGE_BSU
080 _a821.111.09
245 4 _aThe Cambridge History of English Romantic Literature
245 _cEdited by James Chandler
260 _aCambridge
260 _bUniversity Press
260 _c2009
300 _a782p.24cm.
300 _eBibliogr. p.680-748
541 _h333Gel.
653 _aThe Cambridge History of English Romantic Literature
942 _cBK
999 _c45278
_d45278